Biología e investigación científica
Сохранить в:
| Главный автор: | |
|---|---|
| Другие авторы: | |
| Формат: | |
| Язык: | испанский |
| Опубликовано: |
Bogotá
Fondo Educativo Interamericano
1970
|
| Предметы: | |
| Метки: |
Добавить метку
Нет меток, Требуется 1-ая метка записи!
|
MARC
| LEADER | 00000nam a2200000 a 4500 | ||
|---|---|---|---|
| 001 | UCW0513 | ||
| 003 | CL-VaPUC | ||
| 005 | 20200514102319.0 | ||
| 008 | 911002e19700000CK |||||||||||||||||spa|d | ||
| 999 | |c 215653 |d 215651 | ||
| 040 | |c Pontificia Universidad Católica de Valparaíso | ||
| 082 | 0 | 4 | |a 570.724 BAK 1970 |2 21 |
| 100 | 0 | |a Baker, Jeffrey J. W |9 304434 | |
| 245 | 1 | 0 | |a Biología e investigación científica |
| 260 | |a Bogotá |b Fondo Educativo Interamericano |c 1970 | ||
| 300 | |a 666 páginas | ||
| 583 | |a last modification |c 19911002 00:00:00 |k Rodrigo Vera | ||
| 650 | 7 | |a BIOLOGIA |2 CL-VaPUC |9 269722 | |
| 700 | 0 | |a Allen, Garland E |9 304435 | |
| 942 | |c BK |2 ddc | ||
| 945 | |d 19911002 00:00:00 | ||
| 952 | |0 0 |1 0 |2 ddc |4 0 |6 570_724000000000000_BAK_1970 |7 0 |8 A |9 200276 |a BIBCUR |b BIBCUR |d 2019-11-14 |i 2674734 |o 570.724 BAK 1970 |p 2674734 |r 2025-04-22 |t 1 |w 2019-11-14 |y BK |k BIO | ||
| 952 | |0 0 |1 0 |2 ddc |4 0 |6 570_724000000000000_BAK_1970 |7 0 |8 A |9 200278 |a BIBCUR |b BIBCUR |d 2019-11-14 |i 2675374 |o 570.724 BAK 1970 |p 2675374 |r 2025-04-22 |t 3 |w 2019-11-14 |y BK |k BIO | ||
| 952 | |0 0 |1 0 |2 ddc |4 0 |6 570_724000000000000_BAK_1970 |7 0 |8 A |9 200279 |a BIBCUR |b BIBCUR |c PAC |d 2019-11-14 |i 1781855 |o 570.724 BAK 1970 |p 1781855 |r 2025-04-22 |t 4 |w 2019-11-14 |y BK |k BCB | ||